Sales management : analysis and decision making
Tallennettuna:
| Aineistotyyppi: | Kirja |
|---|---|
| Kieli: | Undetermined |
| Julkaistu: |
Mason, Ohio :
Thomson/South-Western
2006
|
| Aiheet: | |
| Tagit: |
Lisää tagi
Ei tageja, Lisää ensimmäinen tagi!
|
| Thư viện lưu trữ: | Trung tâm Học liệu Trường Đại học Cần Thơ |
|---|
| LEADER | 00550nam a2200193Ia 4500 | ||
|---|---|---|---|
| 001 | CTU_180001 | ||
| 008 | 210402s9999 xx 000 0 und d | ||
| 020 | |c 200000 | ||
| 082 | |a 658.8 | ||
| 082 | |b S163 | ||
| 245 | 0 | |a Sales management : | |
| 245 | 0 | |b analysis and decision making | |
| 245 | 0 | |c Thomas N. Ingram ... [et al.]. | |
| 260 | |a Mason, Ohio : | ||
| 260 | |b Thomson/South-Western | ||
| 260 | |c 2006 | ||
| 650 | |a Sales management,Quản lý bán hàng | ||
| 910 | |a Nguyên | ||
| 980 | |a Trung tâm Học liệu Trường Đại học Cần Thơ | ||